| 000 | 00771nam a22002172 4500 | ||
|---|---|---|---|
| 001 | 0000006022 | ||
| 005 | 20151217152011.0 | ||
| 008 | 070912s xx 000 0 eng d | ||
| 020 |
_a007533210 : _cKES 2,400 |
||
| 040 |
_aKABU _cKABU |
||
| 100 | 1 |
_aPande, Peter S. _@0000157374 |
|
| 245 | 1 | 4 |
_aThe Six sigma way : _bhow GE, Motorola and other top companies are honing their performance / _cPeter Pande, Robert P. Neuman, Roland R. Cavanagh. |
| 260 |
_aNew Delhi : _bTata McGraw-Hill, _c2000. |
||
| 300 | _axxiv, 422 p. | ||
| 650 | 0 |
_aQuality control _xStatistical methods. _@0000156504 |
|
| 700 | 1 |
_aNeuman, Robert P. _@0000157375 |
|
| 700 | 1 |
_aCavanagh, Roland R. _@0000157376 |
|
| 908 | _a070912 | ||
| 950 | _@1 | ||
| 999 |
_c7168 _d7168 |
||